000 00580nam a2200169 i 4500
001 119033
003 ES-MaACL
005 20230906191227.0
007 t|
008 070214s1905 sp r ||||1| spa d
100 1 _aPezzi, Rafael.
_991618
245 1 0 _aCatálogo de la Biblioteca del Centro del Ejército y de la Armada /
_cordenado por Rafael Pezzi.
260 _aMadrid :
_b[s.n.],
_c1905 (
_fHijos de M.G. Hernández)
300 _a913 p. ;
_c25 cm.
610 2 4 _aCentro del Ejército y de la Armada (Madrid).
_bBiblioteca-
_vCatálogos.
_9162030
852 _aES-MaACL
_jB-4324
999 _c119033
_d119033